Η έρευνα του πραγματικού κόσμου : ένα μέσον για κοινωνικούς επιστήμονες και επαγγελματίες ερευνητές

Αποθηκεύτηκε σε:
Λεπτομέρειες βιβλιογραφικής εγγραφής
Κύριος συγγραφέας: Robson, Colin
Μορφή: Βιβλίο
Γλώσσα:Greek
English
Δημοσίευση: Αθήνα : Gutenberg, 2010.
Έκδοση:2η έκδ. συμπλ.
Σειρά:Βιβλιοθήκη κοινωνικής επιστήμης και κοινωνικής πολιτικής
Θέματα:
Ετικέτες: Προσθήκη ετικέτας
Δεν υπάρχουν, Καταχωρήστε ετικέτα πρώτοι!

MARC

LEADER 00000cam a2200000 i 4500
001 1/26306
008 130221s2010 gr | ||| |||| ||gre||
020 |a 9789600111323 
035 |l 10113807 
040 |a GR-MyUa  |b gre  |e AACR2 
041 1 |a gre  |h eng 
082 7 |a 300.72   |2 (23) 
100 1 |a Robson, Colin. 
245 1 2 |a Η έρευνα του πραγματικού κόσμου :   |b ένα μέσον για κοινωνικούς επιστήμονες και επαγγελματίες ερευνητές /   |c Colin Robson ; επιστημονική επιμέλεια: Καίτη Μιχαλοπούλου ; επιμέλεια μετάφρασης: Φρόσω Καλύβα ; μετάφραση: Βασιλική Νταλάκου, Κατερίνα Βασιλικού. 
250 |a 2η έκδ. συμπλ.  
260 |a Αθήνα :   |b Gutenberg,   |c 2010.  
300 |a xxix, 715 σ. ;   |c 24 εκ.  
490 1 |a (Βιβλιοθήκη κοινωνικής επιστήμης και κοινωνικής πολιτικής) 
500 |a Τίτλος πρωτοτύπου: Real world research. 
504 |a Βιβλιογραφία: σ. 657-694. Ευρετήριο.  
650 0 |a Social sciences  |x Research  |x Methodology. 
650 0 |a Psychology  |x Research  |x Methodology. 
830 0 |a Βιβλιοθήκη κοινωνικής επιστήμης και κοινωνικής πολιτικής 
852 |a INST  |b LESVOS  |e 20130221  |h 300.723 ROB  |p 005100051771  |q 005100051771  |t BK  |y 0 
852 |a INST  |b LESVOS  |c EUDOXUS  |e 20141215  |h 300.723 ROB  |p 005100055777  |q 005100055777  |t EDX  |y 4  |x 20210716 
852 |a INST  |b LESVOS  |c EUDOXUS  |e 20160324  |h 300.723 ROB  |p 005100057438  |q 005100057438  |t EDX  |y 0 
852 |a INST  |b RHODES  |c EUDOXUS  |e 20140515  |h 300.723 ROB  |p 005400036464  |q 005400036464  |t EDX  |y 0 
852 |a INST  |b RHODES  |c EUDOXUS  |e 20140515  |h 300.723 ROB  |p 005400036465  |q 005400036465  |t EDX  |y 0 
852 |a INST  |b RHODES  |c EUDOXUS  |e 20140515  |h 300.723 ROB  |p 005400036466  |q 005400036466  |t EDX  |y 0 
852 |a INST  |b SAMOS  |c EUDOXUS  |e 20171208  |h 300.723 ROB  |p 005300045074  |q 005300045074  |t EDX  |y 0 
852 |a INST  |b SYROS  |e 20141029  |h 300.72 ROB  |p 005500012402  |q 005500012402  |t BK  |y 0 
901 |a BIBL5-2014-1 
901 |a BIBL1-2013-1 
901 |a BIBL4-2014-2 
901 |a BIBL1-2014-3 
920 |a Εύδοξος  |b Επιστροφή  |y Λέσβος  |z 2016-03 
920 |a Εύδοξος  |b Παραγγελία  |y Ρόδος-ΤΕΠΑΕΣ  |z 2014-05 
920 |a Εύδοξος  |b Παραγγελία  |y Λέσβος-ΤΚ  |z 2014-11 
920 |a Παράρτημα Βιβλιοθήκης Ρόδου   |b Επιστροφή Ευδόξου  |y Σάμος  |z 2017-12 
922 |a 1ΕΛΗ  |b 1012-10  |c Τμήμα Πολιτισμικής Τεχνολογίας και Επικοινωνίας  |d Ιωαννίδου 
970 |a Τζαφέρη  |b Ευαγγελία  |z 20/02/2013